000 00640nam a2200241Ia 4500
003 OSt
005 20221007072832.0
006 a|||||r|||| 00| 0
007 ta
008 221006b |||||||| |||| 00| 0 eng d
024 _a12,789
037 _cTextual
040 _aFLL
_cFLL
_beng
041 _2eng
_aeng
082 _aV3:2:N5, K0
100 _aLangmead Taswell Au.
_9691464
245 0 _aEnglish constitutional history
250 _a11th
260 _aLondon
_bSweet and Maxwell London
_c1960
300 _axx,733p
_ccm.
942 _hV3:2:N5, K0
_cTEXL
_2CC
999 _c1147070
_d1147070